Sanat - "Mun sydän" - Kaija Koo - Statistics

Yleistilastot
  • Tätä visaa on pelattu 53 kertaa
  • Keskiarvotulos 174 / 266
Vastaustilastot
Vastaus % Oikein
mun
100%
Mun
100%
on
100%
sydän
100%
et
86%
että
86%
ja
86%
jo
86%
mut
86%
niin
86%
oo
86%
pakko
86%
sairaan
86%
sun
86%
alle
71%
kulunut
71%
loppuun
71%
71%
71%
me
71%
mene
71%
mua
71%
Ne
71%
nyt
71%
Nyt
71%
paidan
71%
saatanan
71%
särkynyt
71%
sen
71%
suudella
71%
tutki
71%
aamuisin
57%
aika
57%
en
57%
järjestyy
57%
järven
57%
juoksen
57%
kai
57%
kaikki
57%
kauanko
57%
odottaa
57%
parantaa
57%
pitää
57%
sano
57%
välitä
57%
viedä
57%
ympäri
57%
kaupassa
43%
kavereita
43%
käyn
43%
keskellä
43%
keskeltä
43%
kotiis
43%
kuin
43%
kuule
43%
moikkaan
43%
moneen
43%
nää
43%
naapureita
43%
nimeä
43%
pliis
43%
Savun
43%
siivonnu
43%
silmiä
43%
syö
43%
viikkoon
43%
hälyn
29%
ihmisii
29%
nähdä
29%
oon
29%
se
29%
elämässä
14%
hän
14%
huivin
14%
jäätyy
14%
jollekin
14%
jolta
14%
kii
14%
Kun
14%
lumessa
14%
nään
14%
päältä
14%
päätyy
14%
rakkaimpain
14%
revit
14%
sain
14%
täältä
14%
tiukasti
14%
toiselle
14%
töissä
14%
kahlataan
0%
nukun
0%
pääse
0%
päivät
0%
piiloon
0%
yöllä
0%
Ehtoja vastaavia visoja ei löytynyt
Tulosjakauma
Jokaisen tuloksen saaneiden osuus
Persentiili vastausten määrän mukaan
Tuloshistoriasi
Et ole pelannut tätä visaa